000 00797cam a2200241 a 4500
001 2577511
005 20180215065214.0
008 960416s1996 mdua b 001 0 eng c
010 _a 96001551
020 _a0834208091
040 _aDNLM/DLC
_cDLC
_dDLC
041 _aeng
060 1 0 _aW 92 B932 1996
080 _a362.10425 GOL
082 0 0 _a362.10425 GOL
_220
100 _a54
101 _aLID
245 0 0 _aBuilding and managing effective physician organizations under capitation /
_c[edited by] Douglas Goldstein.
504 _aIncludes bibliographical references and index.
906 _a7
_bcbc
_corignew
_d1
_eocip
_f19
_gy-gencatlg
942 _2ddc
_cBK
999 _c42645
_d42645